|
|
|
|
| LEADER |
00627 a2200181 4500 |
| 005 |
20151026133243.0 |
| 008 |
140311b xxu||||| |||| 00| 0 eng d |
| 080 |
|
|
|a 343.54=H
|b CHA
|
| 100 |
|
|
|a Chaubey, Sandeep
|
| 245 |
|
|
|a Apaharan aur anaithik vyapar
|c Sandeep Chaubey and Babitha Rani
|
| 260 |
|
|
|b Vidyanidhi
|c 2002
|a New Delhi
|
| 300 |
|
|
|a 12p.
|
| 490 |
|
|
|a Hamare adhikar aur kanoon
|
| 653 |
|
|
|a Immoral trafficking - Prevention - law
|
| 700 |
|
|
|a Babitha Rani
|
| 942 |
|
|
|c BK
|6 _
|
| 999 |
|
|
|c 66433
|d 66433
|
| 952 |
|
|
|0 0
|1 0
|2 udc
|4 0
|6 34354H_CHA
|7 0
|9 78749
|a UL
|b UL
|d 2013-03-11
|g 0.00
|o 343.54=H CHA
|p 00069895
|r 2013-03-11
|v 0.00
|w 2013-03-11
|y BK
|